Loading...
| Fine Arts - Classical Music | 0 | 7 | 1 | 2 | 65 | 53 | 85.43 | 1 | 1 | 0.00 | 0.00 |
| Fine Arts - Other | 0 | 6 | 0 | 0 | 60 | 20 | 72.67 | 2 | 3 | 0.00 | 0.00 |
| Science - Physics | 0 | 6 | 1 | 3 | 55 | 42 | 93.67 | 0 | 0 | 0.00 | 0.00 |
| Science - Other | 0 | 6 | 1 | 1 | 55 | 58 | 80.67 | 0 | 4 | 0.00 | 0.00 |
| Literature - British | 0 | 5 | 0 | 0 | 50 | 65 | 85.80 | 0 | 1 | 0.00 | 0.00 |
| Mythology | 0 | 5 | 0 | 1 | 50 | 47 | 80.40 | 1 | 1 | 0.00 | 0.00 |
| Religion | 0 | 5 | 0 | 3 | 50 | 66 | 91.40 | 0 | 1 | 0.00 | 0.00 |
| History - Other | 0 | 4 | 0 | 2 | 40 | 11 | 72.50 | 1 | 1 | 0.00 | 0.00 |
| Fine Arts - Painting and Sculpture | 0 | 4 | 0 | 1 | 40 | 53 | 90.00 | 0 | 1 | 0.00 | 0.00 |
| History - American | 0 | 3 | 0 | 1 | 30 | 43 | 73.00 | 0 | 2 | 0.00 | 0.00 |
| History - European | 0 | 3 | 0 | 1 | 30 | 43 | 62.67 | 0 | 0 | 0.00 | 0.00 |
| Literature - European | 0 | 3 | 0 | 2 | 30 | 52 | 95.33 | 0 | 1 | 0.00 | 0.00 |
| Literature - World | 0 | 3 | 0 | 1 | 30 | 82 | 89.33 | 0 | 0 | 0.00 | 0.00 |
| Philosophy | 0 | 3 | 0 | 0 | 30 | 67 | 86.67 | 0 | 0 | 0.00 | 0.00 |
| Science - Biology | 0 | 3 | 0 | 2 | 30 | 77 | 86.33 | 0 | 1 | 0.00 | 0.00 |
| Science - Chemistry | 0 | 3 | 0 | 1 | 30 | 90 | 97.33 | 0 | 1 | 0.00 | 0.00 |
| Popular Culture | 0 | 2 | 0 | 0 | 20 | 38 | 47.50 | 0 | 1 | 0.00 | 0.00 |
| History - World | 0 | 1 | 0 | 0 | 10 | 41 | 41.00 | 0 | 1 | 0.00 | 0.00 |
| Geography | 0 | 1 | 0 | 0 | 10 | 70 | 70.00 | 0 | 1 | 0.00 | 0.00 |
| Literature - American | 0 | 1 | 0 | 0 | 10 | 123 | 123.00 | 0 | 0 | 0.00 | 0.00 |